Sports Quiz

Random Sports or Basketball Quiz

NBA Top 10 MVP Voting Since 2000 Quiz Stats

 Plays Quiz Updated Nov 14, 2019

Score 0/200 Timer 07:00
92 Plays Today
Season % Correct
2011-12LeBron James
98.8%
2005-06LeBron James
98.8%
2006-07LeBron James
98.8%
2007-08LeBron James
98.8%
2008-09LeBron James
98.8%
2009-10LeBron James
98.8%
2010-11LeBron James
98.8%
2003-04LeBron James
98.8%
2004-05LeBron James
98.8%
2012-13LeBron James
98.8%
2013-14LeBron James
98.7%
2017-18LeBron James
98.7%
2016-17LeBron James
98.7%
2014-15LeBron James
98.7%
2015-16LeBron James
98.6%
2001-02Kobe Bryant
97.7%
2002-03Kobe Bryant
97.7%
2003-04Kobe Bryant
97.7%
2005-06Kobe Bryant
97.7%
2006-07Kobe Bryant
97.7%
2007-08Kobe Bryant
97.7%
2008-09Kobe Bryant
97.7%
2009-10Kobe Bryant
97.7%
2010-11Kobe Bryant
97.7%
2000-01Kobe Bryant
97.7%
2011-12Kobe Bryant
97.3%
2012-13Kobe Bryant
97%
2018-19James Harden
97%
2018-19Stephen Curry
96.9%
2017-18Jimmy Butler/Stephen Curry
96.8%
2015-16Stephen Curry
96.3%
2017-18James Harden
96.3%
2016-17Stephen Curry
96.3%
2014-15Stephen Curry
96.2%
2014-15Tim Duncan/Kawhi Leonard/Klay Thompson
96.1%
1999-00Shaquille O'Neal
95.4%
2000-01Shaquille O'Neal
95.4%
2001-02Shaquille O'Neal
95.4%
2002-03Shaquille O'Neal
95.4%
2004-05Shaquille O'Neal
95.4%
2003-04Shaquille O'Neal
95.4%
2017-18Kevin Durant
95.4%
2016-17Kevin Durant
95.2%
2018-19Kevin Durant
95.2%
2018-19Russell Westbrook
95.1%
2016-17Russell Westbrook
95.1%
2016-17James Harden
95.1%
2017-18Russell Westbrook
94.9%
2013-14Kevin Durant
94.9%
2015-16Kevin Durant
94.8%
2012-13Kevin Durant
94.8%
2011-12Kevin Durant
94.1%
2015-16Russell Westbrook
93.7%
2013-14Stephen Curry
93%
2014-15Russell Westbrook
92.7%
2012-13Tim Duncan
92.1%
2015-16James Harden
91.9%
2009-10Kevin Durant
91.6%
2010-11Kevin Durant
91.6%
1999-00Tim Duncan
90.9%
2000-01Tim Duncan
90.9%
2001-02Tim Duncan
90.9%
2002-03Tim Duncan
90.9%
2003-04Tim Duncan
90.9%
2004-05Tim Duncan
90.9%
2006-07Tim Duncan
90.9%
2005-06Tim Duncan
90.9%
Season % Correct
2007-08Tim Duncan
90.9%
2003-04Sam Cassell/Baron Davis/Dirk Nowitzki
90.5%
2014-15James Harden
90.2%
2003-04Jermaine O'Neal
90.2%
2004-05Steve Nash
89.7%
2005-06Steve Nash
89.7%
2006-07Steve Nash
89.7%
2007-08Steve Nash
89.7%
2009-10Steve Nash
89.7%
2012-13Russell Westbrook
89.7%
2018-19Kawhi Leonard
88.9%
2008-09Dwyane Wade
88.5%
2009-10Dwyane Wade
88.5%
2004-05Dwyane Wade
88.5%
2005-06Dwyane Wade
88.5%
2010-11Dwyane Wade
88.5%
2011-12Steve Nash
88.4%
1999-00Kevin Garnett
88.3%
2000-01Kevin Garnett
88.3%
2002-03Kevin Garnett
88.3%
2003-04Kevin Garnett
88.3%
2007-08Kevin Garnett
88.3%
2006-07Kevin Garnett
88.3%
2018-19Giannis Antetokounmpo
88%
2013-14James Harden
87.5%
2011-12Dwyane Wade
87.1%
2001-02Dirk Nowitzki
87.1%
2004-05Dirk Nowitzki
87.1%
2005-06Dirk Nowitzki
87.1%
2006-07Dirk Nowitzki
87.1%
2002-03Dirk Nowitzki
87.1%
2008-09Dirk Nowitzki
87.1%
2009-10Dirk Nowitzki
87.1%
2010-11Dirk Nowitzki
87.1%
2005-06Allen Iverson/Shawn Marion
86.5%
2012-13Dwyane Wade
86.4%
2000-01Allen Iverson
85.7%
2004-05Allen Iverson
85.7%
1999-00Allen Iverson
85.7%
2001-02Allen Iverson
85.7%
2002-03Allen Iverson
85.7%
2018-19Paul George
85.7%
2012-13James Harden
84.6%
2016-17Kawhi Leonard
84%
2015-16Kawhi Leonard
83.4%
2008-09Paul Pierce
83.2%
2010-11Derrick Rose
83%
2017-18Anthony Davis
82.2%
2016-17Anthony Davis
79.6%
2007-08Chris Paul
79%
2008-09Chris Paul
79%
2011-12Chris Paul
78.8%
2012-13Chris Paul
78.2%
2004-05Ray Allen
77.7%
2013-14Chris Paul
77.7%
2009-10Carmelo Anthony
77.6%
2012-13Tony Parker
76.5%
2014-15Chris Paul
76.5%
2011-12Tony Parker
76.4%
2007-08Dwight Howard
75.4%
2008-09Dwight Howard
75.4%
2009-10Dwight Howard
75.4%
2010-11Dwight Howard
75.4%
2015-16Chris Paul
75.4%
2012-13Carmelo Anthony
75.2%
2014-15Anthony Davis
75.2%
2005-06Tony Parker
74.6%
Season % Correct
2008-09Tony Parker
74.6%
2010-11Blake Griffin/Rajon Rondo
73%
2011-12Dwight Howard
71.9%
2018-19Damian Lillard
71.5%
2001-02Tracy McGrady
70.4%
2002-03Tracy McGrady
70.4%
2000-01Tracy McGrady
70.4%
2004-05Tracy McGrady
70.4%
2006-07Tracy McGrady
70.4%
2007-08Tracy McGrady
70.4%
2001-02Jason Kidd
69.5%
2000-01Jason Kidd
69.5%
2002-03Jason Kidd
69.5%
2003-04Jason Kidd
69.5%
2006-07Chris Bosh
69.2%
2013-14Blake Griffin
67.2%
1999-00Vince Carter
66.9%
2014-15Blake Griffin
65.5%
2017-18Damian Lillard
65.4%
2017-18Giannis Antetokounmpo
65.3%
2018-19Nikola Jokić
64.8%
2016-17John Wall
64.3%
2018-19Joel Embiid
62.1%
2014-15Marc Gasol
60.4%
2004-05Amare Stoudemire
60.3%
2007-08Amare Stoudemire
60.3%
2009-10Amare Stoudemire
60.3%
2010-11Amare Stoudemire
60.3%
1999-00Karl Malone
57.4%
2000-01Karl Malone
57.4%
2015-16Draymond Green
57.3%
2011-12Rajon Rondo
56.9%
2001-02Ben Wallace
56.6%
2002-03Ben Wallace
56.6%
2003-04Ben Wallace
56.6%
2005-06Chauncey Billups
56.5%
2008-09Chauncey Billups
56.5%
2015-16Damian Lillard
55.4%
2016-17Giannis Antetokounmpo
55.3%
2007-08Manu Ginobili
54.9%
2010-11Manu Ginobili
54.9%
2009-10Deron Williams
53.5%
2000-01David Robinson
52.8%
2013-14Paul George
52.8%
2016-17Isaiah Thomas
49.6%
2017-18DeMar DeRozan
49.3%
2011-12Kevin Love
46.5%
2000-01Chris Webber
46.1%
1999-00Chris Webber
46.1%
2001-02Chris Webber
46.1%
2002-03Chris Webber
46.1%
2013-14Joakim Noah
43.2%
1999-00Gary Payton
40.8%
2001-02Gary Payton
40.8%
2013-14LaMarcus Aldridge
39.4%
2014-15LaMarcus Aldridge
37.9%
2017-18LaMarcus Aldridge
37.8%
2006-07Gilbert Arenas
36.7%
2015-16Kyle Lowry
36.4%
1999-00Grant Hill
32.8%
1999-00Alonzo Mourning
29%
2006-07Carlos Boozer
28%
2003-04Peja Stojakovic
27.9%
2008-09Brandon Roy
27.8%
2005-06Elton Brand
27%
2013-14Al Jefferson
23.1%

You're not logged in!

Compare scores with friends on all Sporcle quizzes.
OR
Log In

Sporcle TV

Today on Sporcle TV


Watch our educational content, quiz creation guides, and fun videos on Sporcle TV.

Show Comments

Extras

Top Quizzes Today


Score Distribution

Your Account Isn't Verified!

In order to create a playlist on Sporcle, you need to verify the email address you used during registration. Go to your Sporcle Settings to finish the process.

Report this User

Report this user for behavior that violates our Community Guidelines.

Details: